[Event "9.Offene Senioren SH 2015"]
[Site "Buesum"]
[Date "2015.10.07"]
[Round "9.64"]
[White "Schumacher, Ursula"]
[Black "Luebbers, Doris"]
[Result "1/2-1/2"]
[WhiteElo "1670"]
[BlackElo "1527"]
[PlyCount "100"]
[EventDate "2015.??.??"]
[WhiteTeam "HTC Bad Neuenahr"]
[BlackTeam "SF Taunus"]

1. c4 c5 2. Nc3 e6 3. Nf3 d6 4. g3 Nf6 5. Bg2 Be7 6. O-O O-O 7. e3 Nbd7 8. b3
Rb8 9. Bb2 b6 10. d4 cxd4 11. Nxd4 Bb7 12. Ba3 Nc5 13. f3 a6 14. b4 Ncd7 15. f4
Re8 16. e4 Qc7 17. Qe2 Nf8 18. Rac1 Qd7 19. e5 Bxg2 20. Kxg2 Qb7+ 21. Kh3 dxe5
22. fxe5 N6d7 23. Qe3 h6 24. Nf3 Nh7 25. Ne4 Ndf8 26. Nd6 Bxd6 27. exd6 Nd7 28.
Bb2 Nhf6 29. Ne5 Rf8 30. Nxd7 Nxd7 31. Qd4 f6 32. b5 axb5 33. cxb5 Rbc8 34. Qg4
Rxc1 35. Qxe6+ Kh8 36. Rxc1 Nc5 37. Qe7 Rf7 38. Qe8+ Kh7 39. Re1 Qd7+ 40. Qxd7
Rxd7 41. Rd1 Kg8 42. Ba3 Nb7 43. Kg4 Kf7 44. h4 g6 45. Kf4 h5 46. Re1 Nxd6 47.
Bxd6 Rxd6 48. a4 Rd4+ 49. Re4 Rd6 50. Rc4 Rd7 1/2-1/2

[Event "9.Offene Senioren SH 2015"]
[Site "Buesum"]
[Date "2015.10.07"]
[Round "9.65"]
[White "Wiebke, Elfriede"]
[Black "Howe, Dietrich"]
[Result "1/2-1/2"]
[WhiteElo "1338"]
[BlackElo "1667"]
[PlyCount "69"]
[EventDate "2015.??.??"]
[WhiteTeam "Segeberger SF"]
[BlackTeam "SK Kaltenkirchen"]

1. e4 c5 2. Bc4 e6 3. Nf3 Qc7 4. O-O Nf6 5. d3 Be7 6. h3 a6 7. Nc3 b5 8. Bb3 Bb7
9. Re1 d6 10. Bg5 O-O 11. e5 dxe5 12. Nxe5 Nbd7 13. Nxd7 Qxd7 14. Bxf6 Bxf6 15.
a4 Rad8 16. Rb1 g6 17. Ne4 Bxe4 18. dxe4 Qc7 19. Qc1 c4 20. Ba2 Qc5 21. Qe3 Bd4
22. Qg3 Be5 23. Qe3 Qc7 24. g3 Rd4 25. c3 Rd3 26. Qg5 Qc5 27. Re3 Rfd8 28. a5
Rxe3 29. Qxd8+ Kg7 30. Kf1 Rxe4 31. Re1 Bf6 32. Qb6 Rxe1+ 33. Kxe1 Qe5+ 34. Qe3
Qxe3+ 35. fxe3 {Rest nicht rekonstruirbar} 1/2-1/2

[Event "9.Offene Senioren SH 2015"]
[Site "Buesum"]
[Date "2015.10.07"]
[Round "9.66"]
[White "Baumast, Bernd"]
[Black "David, Juergen"]
[Result "0-1"]
[WhiteElo "1541"]
[BlackElo "1350"]
[PlyCount "62"]
[EventDate "2015.??.??"]
[WhiteTeam "SV Bad Oldesloe"]
[BlackTeam "SC Lok Brandenburg"]

1. b4 a6 2. Bb2 e6 3. e3 Nf6 4. a3 Be7 5. Nf3 O-O 6. d4 d6 7. Bd3 Nbd7 8. Nbd2
b5 9. Nb3 Rb8 10. Na5 Bb7 11. Nxb7 Rxb7 12. Ng5 h6 13. Ne4 d5 14. Ng3 Bd6 15.
Qf3 Be7 16. c4 bxc4 17. Bxc4 Rb6 18. Bd3 e5 19. Qe2 Qa8 20. Nf5 Bd8 21. dxe5 Ne4
22. Qg4 Rg6 23. Qe2 Rxg2 24. O-O-O Rxf2 25. Qg4 Qc6+ 26. Kb1 Qg6 27. Rhg1 Rxf5
28. Bxe4 dxe4 29. Rxd7 Rg5 30. e6 Rxg4 31. exf7+ Kh7 0-1

[Event "9.Offene Senioren SH 2015"]
[Site "Buesum"]
[Date "2015.10.07"]
[Round "9.67"]
[White "Lachat, Martin"]
[Black "Graffenberger, Marianne"]
[Result "0-1"]
[WhiteElo "1538"]
[BlackElo "1540"]
[PlyCount "73"]
[EventDate "2015.??.??"]
[WhiteTeam "ASK Reti Zuerich"]
[BlackTeam "Hamburger SK"]

1. c4 e5 2. Nc3 g6 3. Nf3 Bg7 4. e4 d6 5. d4 Bg4 6. dxe5 Bxe5 7. Qa4+ Bd7 8. Qb3
Bc6 9. Nxe5 dxe5 10. Be3 Nd7 11. Rd1 Ngf6 12. f3 Qe7 13. Nd5 Bxd5 14. cxd5 Qd6
15. Bh6 Nc5 16. Qc2 Nfd7 17. Bb5 Rg8 18. b4 Na6 19. Bxd7+ Kxd7 20. a3 g5 21. h4
Qxh6 22. b5 Nb8 23. Rc1 Qb6 24. a4 a6 25. hxg5 Rg7 26. Qc3 Qd6 27. f4 a5 28. Ke2
c6 29. fxe5 Qg6 30. Qh3+ Ke7 31. d6+ Kd8 32. Kf3 Nd7 33. Qg3 Qe6 34. Rh6 Nxe5+
35. Kf4 Ng6+ 36. Ke3 Qb3+ 37. Kf2 0-1

[Event "9.Offene Senioren SH 2015"]
[Site "Buesum"]
[Date "2015.10.07"]
[Round "9.68"]
[White "Vierling, Paul"]
[Black "Moeller, Bernd"]
[Result "0-1"]
[WhiteElo "1467"]
[BlackElo "1576"]
[PlyCount "114"]
[EventDate "2015.??.??"]
[WhiteTeam "Fehntjer SK"]
[BlackTeam "SV Bad Schwartau"]

1. e4 e5 2. c4 c5 3. d3 d6 4. Nf3 Be7 5. Be2 Nc6 6. Be3 Nf6 7. Nc3 a6 8. h3 O-O
9. Nh2 h6 10. Bg4 Nh7 11. Bxc8 Qxc8 12. Qg4 f5 13. exf5 Qxf5 14. Qxf5 Rxf5 15.
O-O-O Ng5 16. Rdf1 Raf8 17. Kd1 Ne6 18. Ke2 Ned4+ 19. Bxd4 Nxd4+ 20. Kd2 Rxf2+
21. Rxf2 Rxf2+ 22. Ke3 Rxg2 23. Ke4 Rxb2 24. Nf3 Nc6 25. Rb1 Rxb1 26. Nxb1 Kf7
27. Nc3 g6 28. a4 Ke6 29. Nd5 Bd8 30. Ne3 h5 31. Nh2 Na7 32. Nd5 b5 33. axb5
axb5 34. cxb5 Nxb5 35. Ne3 Nd4 36. Nf3 Ne2 37. Ng2 g5 38. Ke3 Ng3 39. Kf2 Nf5
40. Nh2 d5 41. Ne3 Nd6 42. Ke2 d4 43. Nc4 Nxc4 44. dxc4 e4 45. Kd2 Bc7 46. Nf1
Bf4+ 47. Kc2 h4 48. Nd2 Bxd2 49. Kxd2 Kf5 50. Ke2 Kf4 51. Kf2 d3 52. Ke1 e3 53.
Kd1 Kf3 54. Ke1 Kg2 55. Kd1 Kf2 56. Kc1 Ke2 57. Kb1 d2 0-1